000 00591cam a22002173a 4500
001 35775
003 PGUSA
005 20140828083753.0
008 110406s2011||||xxu|||||s|||||000 | eng d
040 _aPGUSA
_beng
042 _adc
100 1 _aPratt, Ambrose
245 1 0 _aFirst Person Paramount
_h[electronic resource] /
_cAmbrose Pratt
260 _bProject Gutenberg,
_c2011
506 _aPublic domain in the USA.
516 _aElectronic text
700 1 _aMacfarlane, J.
830 0 _aProject Gutenberg
_v35775
856 4 0 _uhttp://www.gutenberg.org/ebooks/35775
942 _cEB
999 _c265030
_d265030